Le problème de l'eau dans le monde

Shranjeno v:
Bibliografske podrobnosti
Glavni avtor: Raymond Furon
Format: Knjiga
Jezik:Undetermined
Izdano: Payot 1963
Teme:
Oznake: Označite
Brez oznak, prvi označite!
Thư viện lưu trữ: Trung tâm Học liệu Trường Đại học Cần Thơ
LEADER 00486nam a2200169Ia 4500
001 CTU_5496
008 210402s9999 xx 000 0 und d
082 |a 333.7 
082 |b F989 
100 |a Raymond Furon 
245 0 |a Le problème de l'eau dans le monde 
245 0 |c Raymond Furon 
260 |b Payot 
260 |c 1963 
650 |a economic geography,natural resources 
904 |i Nguyễn Quang Điền, 960720 
980 |a Trung tâm Học liệu Trường Đại học Cần Thơ